| 000 | 00461nam a22001817a 4500 | ||
|---|---|---|---|
| 005 | 20230119102233.0 | ||
| 008 | 200520b xxu||||| |||| 00| 0 eng d | ||
| 020 | _a9789374736623 | ||
| 041 | _aeng | ||
| 082 | _a612 YAD | ||
| 100 |
_aYadav Asha _95595 |
||
| 245 | _aHuman Anatomy and Physiology with solved Question | ||
| 250 | _a1'st | ||
| 260 |
_aDelhi _bAITBS PUBLISHERS _c2010 |
||
| 300 | _a277 XVII | ||
| 650 |
_aPharmacy _xB.PHARMA _97083 |
||
| 942 | _cBK | ||
| 999 |
_c6320 _d6318 |
||